00281nam a2200121Ia 4500008004100000082001100041245001500052250000600067260004800073300000800121630001500129730001500144090124s9999 xx 000 0 und d b201500 a वैर a1 bसाठे अण्णाभाऊc1964 a112 a वैर a वैर